MDQL
is popping MORE tags! Check the
thread
!
Quizzes
Events
Quiz Creation
Community
Videos
Private Events
Remove Ads
Sign In
Join for FREE
Feedback
Dark Mode
Quiz Categories
Sports
Geography
Music
Movies
Television
Just For Fun
Miscellaneous
History
Literature
Language
Science
Gaming
Entertainment
Religion
Holiday
For Kids
Quiz Lab
Recent
Popular Today
Quiz Kudos Today
Editor Picks
Curator Picks
Quizzes by...
Day
Popularity
Type
Ratings
Length
Year
Community
Subscriptions
Recent Discussions
Orange Saloon
Badges
Playlists
Quests
Create
Leaderboards
Showdown
Live 5
Trivia Bingo
Activity
Puzzle Library
Sporcle Events
Private Events
Virtual Trivia
Globe League
Become a Host
Pub Owners
SporcleCon
Opinionation
Our Games
Videos
Blog
Mobile Apps
Partnerships
Remove Ads and Go Orange
Feedback
Sports
Athletes
MLB
NBA
NHL
NFL
Soccer
Sports Teams
WWE
NCAA
Football
Premier League
Basketball
Baseball
Hockey
Golf
Tennis
Cricket
Rugby
Auto Racing
Olympics
World Cup
Sports
Athletes
MLB
NBA
NHL
NFL
Soccer
Sports Teams
WWE
NCAA
Football
Premier League
Basketball
Baseball
Hockey
Golf
Tennis
Cricket
Rugby
Auto Racing
Olympics
World Cup
Random Quiz
Search Sporcle
×
Quiz Lab
Quiz Lab
Sports
Basketball
Type in answers that appear in a list
Type in answers that appear in a list
Classic
Best Score? Go Orange.
NBA Alama Maters Stats
Can you name the NBA Alama Maters?
By
tabom33
10m
50 Questions
473 Plays
473 Plays
473 Plays
Comments
Comments
Give Quiz Kudos
Give Quiz Kudos
-
- Ratings
hide this ad
Forced Order
Answers have to be entered in order
Answers have to be entered in order
Replay
Link that replays current quiz
Next Quiz
Link to next quiz in quiz playlist
You Got
0%
They Got
Avg Score
61%
Avg Friend Score
Upgrade to see
Score Distribution
Jump to the score distribution portion of the page
Score
0/50
Timer
10:00
0
Plays Today
Player
College
% Correct
Dwyane Wade
Marquette
98.1%
Loul Deng
Duke
92.8%
Allen Iverson
Georgetown
91.3%
Chris Paul
Wake Forest
90%
Chris Webber
Michigan
89.4%
Shaquille O'Neal
LSU
88.1%
Kirk Hinrich
Kansas
87.1%
Kevin Love
UCLA
86.4%
Elton Brand
Duke
85.2%
Raymond Felton
North Carolina
84.3%
Glen Davis
LSU
83.5%
Ray Allen
UConn
83.1%
Deron Williams
Illinois
82.6%
Mike Bibby
Arizona
76.9%
Brandon Roy
Washington
76.3%
Tayshawn Prince
Kentucky
74.2%
Jarrett Jack
Georgia Tech
73.7%
Jerry Stackhouse
North Carolin
72.7%
Jason Kidd
California
71.6%
Chauncey Billups
Colorado
71.2%
Channing Frye
Arizona
70.8%
Acie Law
Texas A&M
70.6%
Marcus Camby
Umass
69.5%
Ron Artest
St Johns
67.4%
Devin Harris
Wisconsin
66.7%
Player
College
% Correct
Danny Granger
New Mexico
62.5%
Baron Davis
UCLA
61.4%
Michael Redd
Ohio State
60.6%
Joe Smith
Maryland
58.1%
Kyle Korver
Creighton
58.1%
Udonis Haslem
Florida
57.8%
Travis Diener
Marquette
54.4%
Jason Terry
Arizona
51.9%
Joe Johnson
Arkansas
51.5%
Chris Quinn
Notre Dame
51.3%
Jason Maxiell
Cincinnati
48.3%
Steve Novak
Marquette
47.9%
Leon Powe
California
45.3%
Chris Kaman
Central Michigan
43.9%
Jarvis Hayes
Georgia
37.9%
Matt Carroll
Notre Dame
36.4%
Brian Scalabrine
USC
36%
Eddie House
Arizona State
35.6%
Larry Hughes
St Louis
32.2%
Brad Miller
Purdue
28.2%
James Posey
Xavier
23.5%
John Salmons
Miami
23.3%
Marquis Daniels
Auburn
17.6%
Bobby Simmons
Depaul
15.3%
Delonte West
St Johns
9.5%
Quiz Playlist
Details
Report
Send in Message
Add To Playlist
Classic:
Type in answers that appear in a list
Forced Order:
Answers have to be entered in order
Last Updated: Feb 16, 2017
Quiz Scoreboard
CHALLENGE
Sign Up to Join the Scoreboard
Show All
Scores
Hide
Comments
May contain spoilers
Recently Published
Holiday 10x10 Sorting Gallery
by lukepisani3
Holiday
15m
Two Season TV Shows II
by 123Four
Television
10m
Image Sorting: Flags VI
by Barbecue
Geography
2m
More to Explore
Quiz From the Vault
Featured Blog Post
14 Easter Pick-up Lines to Find Eggs With
hide this ad
You Might Also Like...
Tags
Basketball Quiz
College Quiz
NBA Quiz
Mater
Player
Today's Top Quizzes in Sports
Browse Sports
hide this ad
Today's Top Quizzes in Basketball
Browse Basketball
Top Contributed Quizzes in Sports
1
Les meilleurs buteurs des matchs entre le PSG et l’OM
2
Les entraîneurs de l'OM et du PSG au 21e siècle
3
2022 World Cup Stars
4
Les joueurs passés par le PSG et l'OM
5
Players with Multiple 50 Home Run Seasons
6
FIFA Club World Cup Champions
7
Criteria MLB: Left Handed Sluggers
8
Les joueurs passés par le LOSC et le RC Lens
9
Top 10 NHL Goal Scorers of All Time
10
NBA Logic Puzzle 2.0
Explore More
Trending Topics
Marvel
Anime
Disney
Harry Potter
Kpop
NBA
Crossword
WWE
Country
Soccer
Song
NFL
The Office
Puzzle
Pokémon
hide this ad
More By:
tabom33
Quiz
Plays
Rating
Category
Featured
Created
NFL COLLEGES
900
1.75
Sports
Oct 8, 2009
NBA Alama Maters
473
1.13
Sports
Oct 8, 2009
Famous Poets By Poem
42
Literature
Oct 17, 2011
Business Spanish Vocabulary
25
1.00
Language
Oct 25, 2011
Go to Creator's Profile
Score Distribution
Quiz Creator Spotlight
tabom33
Follow
Send a Message
Quizzes Created
-
Created Quiz Play Count
-
More By This Creator
Popular Quizzes Today
1
Find the US States - No Outlines Minefield
2
Colored Red Africa Blitz
3
Find the 'City' Movie
4
The Countries of the World
5
5x2 Blitz: Bands
6
Find the Countries of Europe - No Outlines Minefield
7
Find the US States
8
US States
More Sports Quizzes
MLB Players to Debut as Teenagers Since 1975
Curator's Pick
Trending Quizzes
Colored Red Europe Blitz I
Colored Red Africa Blitz II
Colored Red Europe Blitz II
Even More Two Season TV Shows
Colored Red Africa Blitz III
Recently Updated
Quick Pick: 20 Twenties
pecheneg
March Madness Men's Triple Doubles
pecheneg
How Do You Spell That?
pecheneg
Godzilla Movies
pecheneg
Grab Bag: 4-10 Letters
pecheneg
2024 March Madness Bracket
pecheneg
Famous TV Couples
Peacemaker
Champions League XIs: Real Madrid
pecheneg
Largest US Cities 1790-2010
pecheneg
Rides in Walt Disney World
pecheneg
Trending Topics
Crossword
Anime
Marvel
Disney
NBA
Harry Potter
Kpop
WWE
The Office
Puzzle
Country
Song
Soccer
NFL
Pokémon
Your Account Isn't Verified!
In order to create a playlist on Sporcle, you need to verify the email address you used during registration. Go to your
Sporcle Settings
to finish the process.
Report this User
Report this user for behavior that violates our
Community Guidelines
.
Details:
Send Report
Go to the Sporcle.com Mobile Site →
Comments